| 000 | 00889nam a2200277 i 4500 | ||
|---|---|---|---|
| 003 | EG-GICUC | ||
| 005 | 20260511120029.0 | ||
| 008 | 260511s1967 ne ||||fr|||| 00| 0 fre d | ||
| 040 |
_aEG-GiCUC _bfre _cEG-GiCUC _dEG-GiCUC _eRda |
||
| 082 | 0 | 4 |
_221 _a345.7 _bDE . M |
| 092 | 0 | 4 | _221 |
| 099 | _aLaw1 07 345 .7 DE . M 1967 | ||
| 100 | 1 |
_aDembour,Jacques _eAuteur |
|
| 245 |
_aLes Moyens D’Action De L’Administration/ _cJacques Dembour. |
||
| 264 | 1 |
_aNetherland: _bFaculté De Droit, Liège, _c1967. |
|
| 300 |
_a257 page ; _c 24 cm. |
||
| 336 |
_2rda contenu _a texte |
||
| 337 |
_2rda medias _aOrdinateur |
||
| 338 |
_2 transporteur rda _a Ressource en ligne |
||
| 546 | _aTexte en français | ||
| 650 | 1 | _aDroit Administratif | |
| 650 | 1 | _aContrats Administratifs | |
| 856 | 4 | 0 | _uhttps://fll.law.cu.edu.eg/fulltext/bks/B07-05727.pdf |
| 905 | _a59 | ||
| 942 |
_2ddc _n0 _cBK _e21 |
||
| 999 |
_c76555 _d76555 |
||